000 00325nam a2200121Ia 4500
005 20250409181122.0
008 250409s9999||||xx |||||||||||||| ||und||
100 _aGRACIOUS, CARDINAL
245 4 _aTHE DECLINE OF PUBLIC MORALS
260 _bPENGUIN BOOKS,
_aNEW DELHI:
650 _vEnglish MisellaneousW ritings
942 _cBOOK
999 _c9709
_d9709